Development of muslim theology, jurisprudence and constitutional theory

Bibliographic Details
Main Author: Macdonald, Duncan B. (Author)
Format: Book
Published: London : Darf , 1902
Subjects:

MARC

LEADER 00000cam a2200000 7i4500
001 0000004602
005 20031216093000.0
008 021118s1902
020 |a 1850770662 
090 0 0 |a BP166   |b .M3226 
100 0 |a Macdonald, Duncan B. ,   |e author 
245 0 0 |a Development of muslim theology, jurisprudence and constitutional theory   |c Duncan B. Macdonald 
260 2 |a London :   |b Darf ,   |c 1902 
300 |a 386 p. ;   |c 20 cm. 
504 |a Includes bibliography (p. 358-367) and index 
650 0 |a Islamic law   |x History 
650 0 |a Islam   |x Doctrines 
999 |a 1000004062   |b Book   |c OPEN SHELF (30 DAYS)   |e Gong Badak Campus 
999 |a 1000004063   |b Book   |c OPEN SHELF (30 DAYS)   |e Gong Badak Campus